Statistics for Italy Cities Map Quiz

Click here to take the quiz!

General Stats

  • This quiz has been taken 48,936 times
  • The average score is 10 of 15

Answer Stats

Answer % Correct
Rome
92%
Naples
82%
Venice
81%
Palermo
75%
Milan
74%
Florence
67%
Turin
65%
Genoa
64%
Pisa
59%
Trieste
59%
Cagliari
57%
Verona
50%
Bari
50%
Reggio Calabria
46%
Pescara
35%

Score Distribution

Percentile by Number Answered

Percent of People with Each Score

Your Score History

You have not taken this quiz